Suomalaisia kirjailijoita - Statistics

Yleistilastot
  • Tätä visaa on pelattu 45 kertaa
  • Keskiarvotulos 10 / 16
Vastaustilastot
Teos Kirjailija % Oikein
Tuntematon sotilas Väinö Linna
98%
Puhdistus Sofi Oksanen
90%
Mielensäpahoittaja Tuomas Kyrö
86%
Häräntappoase Anna-Leena Härkönen
83%
Abckiria Mikael Agricola
83%
Iijoki-sarja Kalle Päätalo
74%
Tiitiäisen satupuu Kirsi Kunnas
71%
Jäniksen vuosi Arto Paasilinna
60%
Juoppohullun päiväkirja Juha Vuorinen
60%
Juhannustanssit Hannu Salama
55%
Maa on syntinen laulu Timo K. Mukka
52%
Havukka-ahon ajattelija Veikko Huovinen
50%
Manillaköysi Veijo Meri
48%
Kesäkirja Tove Jansson
45%
Ryysyrannan Jooseppi Ilmari Kianto
36%
Rukajärven tiellä Antti Tuuri
19%
Ehtoja vastaavia visoja ei löytynyt
Tulosjakauma
Jokaisen tuloksen saaneiden osuus
Persentiili vastausten määrän mukaan
Tuloshistoriasi
Et ole pelannut tätä visaa